Dějiny výtvarné kultury 2) /
Salvato in:
| Autore principale: | |
|---|---|
| Altri autori: | |
| Natura: | Libro |
| Lingua: | ceco |
| Pubblicazione: |
Praha :
Idea servis,
2008
|
| Edizione: | 3. vydanie |
| Soggetti: | |
| Tags: |
Nessun Tag, puoi essere il primo ad aggiungerne!!
|
MARC
| LEADER | 00000nam a22000003a 4500 | ||
|---|---|---|---|
| 001 | 0112877 | ||
| 003 | SK-STU | ||
| 005 | 20241209155045.9 | ||
| 007 | ta | ||
| 008 | 241209s ----xo-----e------000-0-----d | ||
| 020 | |a 978-80-85970-61-6 | ||
| 040 | |a STU |b slo | ||
| 041 | 0 | |a cze | |
| 044 | |a xr | ||
| 100 | 1 | |a Mráz, Bohumír |4 aut | |
| 245 | 1 | 0 | |a Dějiny výtvarné kultury 2) / |c aut. Bohumír Mráz ; rec. Marie Černá |
| 250 | |a 3. vydanie | ||
| 260 | |a Praha : |b Idea servis, |c 2008 | ||
| 300 | |a 209 s. | ||
| 650 | 0 | 7 | |a architektúra novoveká |
| 650 | 0 | 7 | |a renesancia |
| 650 | 0 | 7 | |a barok |
| 650 | 0 | 7 | |a osvietenstvo |
| 650 | 0 | 7 | |a klasicizmus |
| 650 | 0 | 7 | |a romantizmus |
| 650 | 0 | 7 | |a realizmus |
| 650 | 0 | 7 | |a India |
| 650 | 0 | 7 | |a Čína |
| 650 | 0 | 7 | |a Japonsko |
| 650 | 0 | 7 | |a dejiny a teória umenia |
| 700 | 1 | |a Černá, Marie |4 rev | |
| 996 | |b 284AU10122 |c A* 13436/U |l AAKNST |s P |a 0 |w 0112877_0001 | ||